|
|
|
|
| LEADER |
00587cam a2200169 7i4500 |
| 001 |
0000030991 |
| 005 |
20140819090000.0 |
| 020 |
0 |
0 |
|a 9789670630144
|
| 090 |
0 |
0 |
|a M 330.9595
|b NAM
|
| 100 |
1 |
0 |
|a Nambiar
|
| 245 |
1 |
4 |
|a The Malaysian economy :
|b rethinking policies & purposes.
|
| 260 |
0 |
0 |
|a Selangor:
|b Strategic Information and Research Development Centre,
|c 2014.
|
| 300 |
# |
# |
|a 135 p.
|
| 650 |
0 |
0 |
|a Malaysia --
|x Economic policy --
|y 21st century
|
| 650 |
0 |
0 |
|a Malaysia --
|x Economic conditions --
|y 21st century
|
| 651 |
0 |
0 |
|a Malaysia
|
| 999 |
|
|
|a B000034282
|b Book
|c Malaysia
|e Business Information Centre
|